01545nkm a22002657a 45000010006000000050017000060070007000230080041000300400024000711000041000952450102001362600043002383000089002815000258003705000070006285000082006986100070007806510057008506550040009078520012009478560150009599420020011099520133011299990017012628580520260417101301.0kh boc260415s18601880sp ||||| |||| |0| i|spa d aM-RABAbspacM-RABA1 aVarela, Pedroc(fotógrafo)911167111a[Catedral de Santiago de Compostelab: vista del claustro]c/ Valera, Pedroh[Material gráfico] a: Lugob: Pedro Valerac, [1860-1880?] a1 fotografíab: albúminac; imagen 24 x 18 cm c; soporte secundario 24 x 18 cm 00aFotografía de la catedral de Santiago de Compostela, donde se representa una vista de una de las partes del claustro. Al fondo en la imagen podemos ver la puerta que correspondería en la actualidad con la entrada al Museo de la Catedral y al Tesoro.00aFechas tomadas del periodo de actividad del fotógrafo en Lugo. 00aEn la parte inferior del soporte secundario se lee "P. Varela. Cruz, 9. Lugo"27aCatedral de Santiago de Compostela (La Coruña, España)915544 7aSantiago de Compostela (La Coruña, España)94750 0aFotografías de monumentos9111580 jFot-647 uhttps://archivoybiblioteca.realacademiabellasartessanfernando.com/cgi-bin/koha/opac-retrieve-file.pl?id=c186a2d8115873a86b7a8198870d7281yFot-647 cFOTOGRAFÍAn0 00102ddc40708FOTOGRAFIAaRABASFbRABASFcDP2d2026-04-15l0oFot-647p1096915r2026-04-15 13:57:20w2026-04-15yFOTOGRAFÍA c85805d85805